Central Library OPAC University of Rajshahi

Agricultural extension : (Record no. 57713)

MARC details
000 -LEADER
fixed length control field 00603nam a2200217 4500
001 - CONTROL NUMBER
control field 57713
003 - CONTROL NUMBER IDENTIFIER
rucl marc code BD-RjUL
005 - DATE AND TIME OF LATEST TRANSACTION
control field 20211209080538.0
008 - FIXED-LENGTH DATA ELEMENTS--GENERAL INFORMATION
fixed length control field 161211r19992006ii ||||| |||| 00| 0 eng d
020 ## - INTERNATIONAL STANDARD BOOK NUMBER
International Standard Book Number 8177540394
035 ## - SYSTEM CONTROL NUMBER
System control number (BD-RjUL)
040 ## - CATALOGING SOURCE
Language of cataloging eng
Transcribing agency BD-RjUL
041 ## - LANGUAGE CODE
Language code of text/sound track or separate title eng
082 ## - DEWEY DECIMAL CLASSIFICATION NUMBER
Edition number 23
Classification number 630.54
Author mark and year SIA 1999[2006]
100 ## - MAIN ENTRY--PERSONAL NAME
Personal name Singh, A.K.
9 (RLIN) 171400
245 01 - TITLE STATEMENT
Title Agricultural extension :
Remainder of title impact and assessment/
Statement of responsibility, etc. A.K. Singh.
260 ## - PUBLICATION, DISTRIBUTION, ETC. (IMPRINT)
Place of publication, distribution, etc. Jodhpur :
Name of publisher, distributor, etc. Agrobios,
Date of publication, distribution, etc. 2006.
300 ## - PHYSICAL DESCRIPTION
Pagination xii, 266 p. ;
Size 22 cm.
650 ## - SUBJECT ADDED ENTRY--TOPICAL TERM
Topical term or geographic name as entry element Agricultural education --
Geographic subdivision India.
9 (RLIN) 171401
942 ## - ADDED ENTRY ELEMENTS (KOHA)
Source of classification or shelving scheme Dewey Decimal Classification
Koha item type Books
Holdings
Lost status Source of classification or shelving scheme Damaged status Not for loan Permanent Location Current Location Shelving location Date acquired Source of acquisition Cost, normal purchase price Total Checkouts Full call number Date last seen Copy number Koha item type
  Dewey Decimal Classification   Not For Loan Institute of Biological Sciences (IBSc) Library Institute of Biological Sciences (IBSc) Library Institute Library 01/12/2016 Paragon 711.00   630.54 SIA 1999[2006] 11/12/2016 C-1 Books